| 000 | 00659nam a2200193Ia 4500 | ||
|---|---|---|---|
| 003 | GCL | ||
| 008 | 140319s9999 xx 000 0 ara d | ||
| 040 |
_aGCL / _cGCL |
||
| 082 | 0 | 4 |
_a780.92 _bع ا |
| 100 | 1 | _aعبدالقادر صبرى | |
| 245 | 1 | 0 |
_aامير النغم رياض السنباطى: قصة حياته ومسيرته الفنية / _cعبدالقادر صبرى |
| 300 | _a335 ص | ||
| 490 |
_aالهيئة العامة للاستعلامات _v0 |
||
| 650 | 0 | 4 | _aالموسيقى |
| 650 | 0 | 4 | _aالموسيقيون المصريون |
| 650 | 0 | 4 | _aالتأليف الموسيقى |
| 650 | 0 | 4 | _aرياض السنباطى |
| 942 |
_2ddc _cBK |
||
| 999 |
_c47798 _d47798 |
||